Inovácia obsahu vzdelávania vo vyššom odbornom štúdiu

Obsah vzdelávania. Miesto finančného vzdelávania v kurikulárnych dokumentoch. Úloha Katedry pedagogiky Národohospodárskej fakulty Ekonomickej univerzity v Bratislave. Analýza obsahu finančného vzdelávania vo vyššom odbornom štúdiu (podľa vzdelávacích programov pre študijné odbory vyššieho odborného...

Full description

Saved in:
Bibliographic Details
Main Author: Orbánová, Darina
Format: Book Chapter
Language:Slovak
Subjects:
Tags: Add Tag
No Tags, Be the first to tag this record!

MARC

LEADER 00000naa$a2200000$$$4500
001 0125163
005 20240502083317.3
041 0 |a slo 
044 |a CZ 
245 1 0 |a Inovácia obsahu vzdelávania vo vyššom odbornom štúdiu  |c Darina Orbánová 
520 |a Obsah vzdelávania. Miesto finančného vzdelávania v kurikulárnych dokumentoch. Úloha Katedry pedagogiky Národohospodárskej fakulty Ekonomickej univerzity v Bratislave. Analýza obsahu finančného vzdelávania vo vyššom odbornom štúdiu (podľa vzdelávacích programov pre študijné odbory vyššieho odborného štúdia ISCED 5B vybranej školy). 
610 2 0 |a vzdelávanie 
610 2 0 |a plán učebný 
610 2 0 |a financie 
610 2 0 |a inovácia 
610 2 0 |a školy stredné odborné 
610 2 0 |a školy vysoké 
610 2 0 |a Slovensko 
100 1 |a Orbánová, Darina